Football - Une question de taille (Mort subite) - Statistiques

Statistiques générales
  • Ce quiz a été pris 1 165 fois
    1 071 depuis la dernière actualisation
  • Le résultat moyen est 4 sur 12
Answers on the Grid
Answers color-coded by a green-red scale on the quiz's grid according to % correct below.
Lionel Messi
Zinedine Zidane
Pelé
Cristiano Ronaldo
Johan Cruyff
Luka Modric
Rodri
Michael Owen
David Beckham
Kylian Mbappé
Antoine Griezmann
Robert Lewandowski
Diego Maradona
Michel Platini
Éric Cantona
Paolo Maldini
George Weah
Mathieu Valbuena
Per Mertesacker
Santi Cazorla
Marco van Basten
Eusebio Garrincha
Ronaldinho
Francesco Totti
 
Statistiques - réponses
Réponse % Correct
Cristiano Ronaldo
89%
Zinedine Zidane
57%
Robert Lewandowski
40%
Rodri
35%
Paolo Maldini
23%
Éric Cantona
22%
Marco van Basten
21%
George Weah
18%
Per Mertesacker
17%
Francesco Totti
16%
David Beckham
13%
Michel Platini
3%
Aucun quiz correspondant
Distribution des résultats
% des personnes avec chaque résultat
Percentile par nombre de réponses
Votre historique - résultats
Vous n’avez pas pris ce quiz depuis la dernière actualisation